[Event "Titled Tuesday intern op 12th Sep Late"]
[Site "Chess.com INT"]
[Date "2023.09.12"]
[Round "9"]
[White "Hakobyan, Aram"]
[Black "Moral Garcia, Serafin"]
[Result "1-0"]
[WhiteElo "2617"]
[BlackElo "2249"]
[PlyCount "46"]
[EventDate "2023.09.12"]
[EventType "swiss (blitz)"]
[EventRounds "11"]
[EventCountry "USA"]
[SourceTitle "EXT 2024"]
[Source "ChessBase"]
[SourceDate "2023.10.10"]
[SourceVersion "1"]
[SourceVersionDate "2023.10.10"]
[SourceQuality "1"]

1. d4 Nf6 2. c4 g6 3. Nc3 d5 4. cxd5 Nxd5 5. e4 Nxc3 6. bxc3 Bg7 7. Qa4+ Nd7 8. Nf3 0-0 9. Qa3 b6 10. Bg5 c5 11. Be2 h6 12. Be3 Bb7 13. e5 e6 14. h4 f6 15. exf6 Qxf6 16. Rd1 cxd4 17. cxd4 Qf5 18. 0-0 Qg4 19. Bc1 Nf6 20. Rde1 Nh5 21. Bd1 Nf4 22. Bxf4 Rxf4 23. Re3 Raf8 1-0

[Event "Titled Tuesday intern op 12th Sep Early"]
[Site "Chess.com INT"]
[Date "2023.09.12"]
[Round "4"]
[White "Moral Garcia, Serafin"]
[Black "Puranik, Abhimanyu Sameer"]
[Result "1-0"]
[WhiteElo "2249"]
[BlackElo "2611"]
[PlyCount "89"]
[EventDate "2023.09.12"]
[EventType "swiss (blitz)"]
[EventRounds "11"]
[EventCountry "USA"]
[SourceTitle "EXT 2024"]
[Source "ChessBase"]
[SourceDate "2023.10.10"]
[SourceVersion "1"]
[SourceVersionDate "2023.10.10"]
[SourceQuality "1"]

1. e4 c5 2. Nf3 d6 3. d4 cxd4 4. Nxd4 Nf6 5. Nc3 Nc6 6. Bg5 Bd7 7. Qd2 a6 8. 0-0-0 e6 9. f3 Nxd4 10. Qxd4 Be7 11. Kb1 Qc7 12. g4 b5 13. Be3 0-0 14. g5 Nh5 15. h4 Rfc8 16. Qd2 Ng3 17. Rg1 Nxf1 18. Rdxf1 b4 19. Ne2 Ba4 20. Rc1 a5 21. h5 Be8 22. Nd4 a4 23. g6 Bf6 24. c3 bxc3 25. Rxc3 Qb7 26. gxf7+ Bxf7 27. h6 Rxc3 28. Qxc3 Rc8 29. Qd2 a3 30. b3 g6 31. Rc1 d5 32. Rxc8+ Qxc8 33. exd5 exd5 34. Bg5 Bh8 35. Qe3 Qd7 36. Nc2 d4 37. Qf4 d3 38. Nxa3 Qa7 39. Nc4 Be6 40. Qe3 Qd7 41. Qc5 d2 42. Nxd2 Bd4 43. Qa5 Bf5+ 44. Ne4 Qe8 45. Qd5+ 1-0

[Event "Titled Tuesday intern op 12th Sep Late"]
[Site "Chess.com INT"]
[Date "2023.09.12"]
[Round "3"]
[White "Moral Garcia, Serafin"]
[Black "Schut, Han"]
[Result "1-0"]
[WhiteElo "2249"]
[BlackElo "2091"]
[PlyCount "107"]
[EventDate "2023.09.12"]
[EventType "swiss (blitz)"]
[EventRounds "11"]
[EventCountry "USA"]
[SourceTitle "EXT 2024"]
[Source "ChessBase"]
[SourceDate "2023.10.10"]
[SourceVersion "1"]
[SourceVersionDate "2023.10.10"]
[SourceQuality "1"]

1. Nf3 Nf6 2. b3 g6 3. Bb2 d5 4. e3 Bg7 5. c4 0-0 6. Nc3 c6 7. d4 Bf5 8. Be2 Ne4 9. 0-0 Nxc3 10. Bxc3 Nd7 11. Qd2 Nf6 12. Bd3 Ne4 13. Qc2 Qd7 14. Bb2 Nd6 15. Bxf5 Qxf5 16. Qxf5 Nxf5 17. cxd5 cxd5 18. Rac1 Rfc8 19. h3 e6 20. Ba3 Bf8 21. Bxf8 Kxf8 22. g4 Nd6 23. Ne5 Rxc1 24. Rxc1 Rc8 25. Rxc8+ Nxc8 26. g5 Nd6 27. Kg2 Ne4 28. h4 Nc3 29. a4 Ne4 30. Ng4 Nd2 31. b4 Ne4 32. Kf3 Nc3 33. a5 a6 34. Nf6 Na2 35. Nd7+ Ke7 36. Nc5 Nxb4 37. Nxb7 Nc6 38. Nc5 Nxa5 39. Nxa6 Nc4 40. Kg4 Nd6 41. Nc5 Nf5 42. h5 Ng7 43. h6 Nh5 44. Nd3 f6 45. f4 Kf7 46. Ne1 Ke7 47. Nf3 Kf7 48. gxf6 Nxf6+ 49. Kh4 Ng8 50. Kg5 Nf6 51. Ne5+ Ke7 52. Nxg6+ hxg6 53. Kxg6 Ne4 54. h7 1-0

[Event "Titled Tuesday intern op 22nd Aug Early"]
[Site "Chess.com INT"]
[Date "2023.08.22"]
[Round "5"]
[White "Moral Garcia, Serafin"]
[Black "Labussiere, Yago"]
[Result "1-0"]
[WhiteElo "2250"]
[BlackElo "2203"]
[PlyCount "69"]
[EventDate "2023.08.22"]
[EventType "swiss (blitz)"]
[EventRounds "11"]
[EventCountry "USA"]
[SourceTitle "EXT 2024"]
[Source "ChessBase"]
[SourceDate "2023.10.10"]
[SourceVersion "1"]
[SourceVersionDate "2023.10.10"]
[SourceQuality "1"]

1. c4 e5 2. g3 g6 3. Bg2 Bg7 4. Nc3 d6 5. d3 Nc6 6. Rb1 a5 7. a3 Nf6 8. b4 axb4 9. axb4 0-0 10. b5 Ne7 11. Bd2 d5 12. Qb3 Be6 13. Nf3 dxc4 14. dxc4 Nd7 15. Ng5 Nc5 16. Qb4 Qd6 17. Be3 b6 18. Nxe6 Qxe6 19. Bxa8 Rxa8 20. Bxc5 bxc5 21. Qxc5 e4 22. Nd5 Nxd5 23. Qxd5 Bc3+ 24. Kf1 Qxd5 25. cxd5 Ra2 26. d6 cxd6 27. b6 Ra8 28. Kg2 d5 29. b7 Rb8 30. e3 Kf8 31. Rhc1 Be5 32. Rc8+ Ke7 33. Rxb8 Bxb8 34. Rc1 Kd7 35. Rc8 1-0

[Event "Titled Tuesday intern op 22nd Aug Early"]
[Site "Chess.com INT"]
[Date "2023.08.22"]
[Round "8"]
[White "Moral Garcia, Serafin"]
[Black "Skliarov, Viktor"]
[Result "1-0"]
[WhiteElo "2250"]
[BlackElo "2383"]
[PlyCount "119"]
[EventDate "2023.08.22"]
[EventType "swiss (blitz)"]
[EventRounds "11"]
[EventCountry "USA"]
[SourceTitle "EXT 2024"]
[Source "ChessBase"]
[SourceDate "2023.10.10"]
[SourceVersion "1"]
[SourceVersionDate "2023.10.10"]
[SourceQuality "1"]

1. e4 c5 2. Nf3 Nc6 3. Bb5 e6 4. 0-0 Nge7 5. Re1 Nd4 6. Bf1 Nec6 7. c3 Nxf3+ 8. Qxf3 Be7 9. Na3 0-0 10. Nc2 b6 11. d4 cxd4 12. cxd4 Bb7 13. Bd3 Nb4 14. Nxb4 Bxb4 15. Re2 f5 16. Bf4 fxe4 17. Bxe4 Bxe4 18. Qxe4 Qf6 19. Be5 Qf5 20. Qxf5 Rxf5 21. Rc1 Rf7 22. a3 Bf8 23. Bg3 h6 24. Rc7 a6 25. h3 b5 26. Rec2 Kh7 27. Rb7 g5 28. Rcc7 Rd8 29. Be5 Kg6 30. Ra7 h5 31. Rxa6 d6 32. Rxf7 Kxf7 33. Bg3 d5 34. Rb6 h4 35. Be5 Rc8 36. Rxb5 Rc1+ 37. Kh2 Rc2 38. f3 Kg6 39. a4 Rc1 40. a5 Ra1 41. Rb8 Be7 42. b4 Ra4 43. Rb7 Bxb4 44. a6 Bd2 45. a7 Ra1 46. Bd6 Be3 47. g4 Ra2+ 48. Kh1 Ra1+ 49. Kg2 Rg1+ 50. Kh2 Ra1 51. Bc5 Ra2+ 52. Kh1 Ra1+ 53. Kg2 Rg1+ 54. Kh2 Ra1 55. Rb8 Bf4+ 56. Kg2 Ra2+ 57. Kf1 Rxa7 58. Bxa7 Bxb8 59. Bxb8 Kf7 60. Ke2 1-0

[Event "Titled Tuesday intern op 08th Aug Early"]
[Site "Chess.com INT"]
[Date "2023.08.08"]
[Round "5"]
[White "Moral Garcia, Serafin"]
[Black "Aradhya, Garg"]
[Result "0-1"]
[WhiteElo "2250"]
[BlackElo "2395"]
[PlyCount "68"]
[EventDate "2023.08.08"]
[EventType "swiss (blitz)"]
[EventRounds "11"]
[EventCountry "USA"]
[SourceTitle "EXT 2024"]
[Source "ChessBase"]
[SourceDate "2023.10.10"]
[SourceVersion "1"]
[SourceVersionDate "2023.10.10"]
[SourceQuality "1"]

1. e4 e5 2. Nf3 Nc6 3. Nc3 Nf6 4. Nxe5 Nxe5 5. d4 Ng6 6. e5 Ng8 7. Bc4 d5 8. Bxd5 c6 9. Bb3 N8e7 10. h4 h5 11. Bg5 Be6 12. Bxe6 fxe6 13. Ne4 Qa5+ 14. Bd2 Qb6 15. Nd6+ Kd7 16. c3 Nf5 17. Nxf5 exf5 18. Qc2 Ne7 19. Bg5 g6 20. 0-0 Bh6 21. Bxe7 Kxe7 22. Rad1 Rhd8 23. f4 Rd5 24. Kh1 Rad8 25. Rd3 c5 26. Rg3 cxd4 27. cxd4 Rxd4 28. e6 Qxe6 29. Qc7+ R8d7 30. Qc8 Rd1 31. Qc5+ Kf7 32. Rgf3 Qe2 33. Rxd1 Qxd1+ 34. Kh2 Qd4 0-1

[Event "Titled Tuesday intern op 08th Aug Early"]
[Site "Chess.com INT"]
[Date "2023.08.08"]
[Round "9"]
[White "Petrosian, Karlen"]
[Black "Moral Garcia, Serafin"]
[Result "1-0"]
[WhiteElo "2348"]
[BlackElo "2250"]
[PlyCount "89"]
[EventDate "2023.08.08"]
[EventType "swiss (blitz)"]
[EventRounds "11"]
[EventCountry "USA"]
[SourceTitle "EXT 2024"]
[Source "ChessBase"]
[SourceDate "2023.10.10"]
[SourceVersion "1"]
[SourceVersionDate "2023.10.10"]
[SourceQuality "1"]

1. e4 e5 2. Nc3 Nf6 3. Bc4 Nxe4 4. Qh5 Nd6 5. Qxe5+ Qe7 6. Qxe7+ Bxe7 7. Bb3 c6 8. d4 Nf5 9. d5 d6 10. Nf3 0-0 11. Bf4 h5 12. 0-0-0 c5 13. Rhe1 Bf6 14. Nb5 Bd7 15. Nxd6 Nxd6 16. Bxd6 Rc8 17. c4 Bg4 18. h3 Bxf3 19. gxf3 Nd7 20. Bc2 Rd8 21. b3 Re8 22. Bf5 Ne5 23. f4 Nf3 24. Rxe8+ Rxe8 25. Bxc5 b6 26. Be3 Nh4 27. Bd7 Rd8 28. Bc6 Ng2 29. d6 Nxe3 30. fxe3 Kf8 31. Kc2 a5 32. a3 Bh4 33. b4 axb4 34. axb4 Bf6 35. Kb3 Rc8 36. Bf3 g6 37. d7 Rb8 38. Ka4 Ke7 39. Kb5 Bc3 40. Rd3 Be1 41. Bc6 h4 42. e4 Kd8 43. f5 gxf5 44. exf5 Ke7 45. Re3+ 1-0